000 00263nam a2200121Ia 4500
008 190216s9999||||xx |||||||||||||| ||und||
100 _aNull
245 0 _aHindi-Govind Gyaya
260 _bPublications Division
300 _a328
650 _aHindi
942 _cBK
999 _c15847
_d15847